01535nam a2200289 a 450000100060000000300080000600500170001400800410003102000320007203500190010404000250012304100080014808200240015611100950018024503370027526000630061230000310067550400510070665000710075765000680082865000760089670000300097271000540100294200120105699900170106895201600108559948BD-RjUL20211209080804.0161228s1994 enkc b 101 0 eng d a0851431453 (pbk) :c£14.50 a(BD-RjUL)60072 aUkcUkdBD-RjULbeng aeng00a363.7223bPEO 19912 aCongress of the Universities of the Commonwealthn(15th :d1993 :cSwansea, Wales)917834510aPeople and the environment :bpreserving the balance : the report of proceedings of the Fifteenth Congress of the Universities of the Commonwealth, Swansea, August 1993 : including keynote address by Sir John Houghton, Chairman of the Royal Commission on Environmental Pollution /c[editor of congress proceedings Eileen A. Archer]. aLondon :bAssociation of Commonwealth Universities,c1991. a452 p. :bports. ;c24 cm. aIncludes bibliographical references and index. 0aEnvironmental policyzCommonwealth of NationsxCongresses.9178322 0aEnvironmental policyzDeveloping countriesxCongresses.9178323 0aUniversities and collegeszCommonwealth of NationsxCongresses.91783241 aArcher, Eileen A.91783252 aAssociation of Commonwealth Universities.9178326 2ddccBK c59948d59948 00102ddc40718NFICaRUCLbRUCLcReadingd2011-04-10edhaka, paragon Enterprice ltd.g450.00l0o363.7 PEO 1993r2016-12-28 00:00:00tC-1w2021-12-09yBK